00258nam a2200109Ia 4500008004100000100001900041245003700060250001100097260002400108300000800132650000800140191201s2010 xx 000 0 und d aMINOLI, Daniel 0aWeb Commerce Technology Handbook a18 Rep c2010bTMHaN. Delhi a621 aCSE